00000000nam##2200000za#4500
0019.667539
003CaOODSP
00520210615123606
007ta
008150407|2006||||xxc|||||     f|0| 0 eng|d
020 |a0-662-49219-6
040 |aCaOODSP|beng
041 |aeng
041 |afre
043 |an-cn---
0861 |aSO2-11/13-2006
1101 |aCanada. |bGovernor General. |bOffice of the Secretary.
24510|aRegulations governing the award of the Emergency Medical Services Exemplary Service Medal / |cProduced by the Communications and Visitor Services Directorate.
2463 |aThe Canadian honours system
260 |aOttawa - Ontario : |bGovernor General of Canada. Office of the Secretary |c2006.
300 |a9p. ; |c23 cm.
563 |aSoftcover
590 |a06-50|b2006-12-15
69007|aDecorations|2gcpds
69007|aEmergency services|2gcpds
69007|aRegulations|2gcpds
7760#|tRèglement concernant l'attribution de la Médaille pour services distingués des services d'urgence médicale |w(CaOODSP)9.675600
792 |tRèglement concernant l'attribution de la Médaille pour services distingués des Services d'urgence médicale / |efre|w(CaOODSP)9.667540